| 000 | 00463nam a22001697a 4500 | ||
|---|---|---|---|
| 005 | 20251128121137.0 | ||
| 008 | 251126b |||||||| |||| 00| 0 eng d | ||
| 020 | _a978-93-5593-506-9 | ||
| 041 | _aeng | ||
| 082 | _a615.8 CHA-C | ||
| 100 |
_aCHAUHAN, RAMSWA ROOP S AND MALIK, YASHPAL S. _98832 |
||
| 245 | _aCOW PATHY & HUMAN HEALTH | ||
| 260 |
_aNEW DELHI _bINNOVATIVE PUBLICATION PVT.LTD |
||
| 300 | _a346;P | ||
| 650 |
_aPHARMACY _xB.PHARMA |
||
| 942 | _cBK | ||
| 999 |
_c9016 _d9014 |
||